Fundamentos de pesca

Guardat en:
Dades bibliogràfiques
Autors principals: Santos Rodríguez, Luis (Autor), Núñez Basañez, José Fernando (Autor)
Format: Llibre
Idioma:espanyol
Publicat: Madrid Fondo Editorial de Ingeniería Naval 1994
Matèries:
Etiquetes: Afegir etiqueta
Sense etiquetes, Sigues el primer a etiquetar aquest registre!

MARC

LEADER 00000nam a2200000 a 4500
001 UCY7788
003 CL-VaPUC
008 950622e19940000SP |||||||||||||||||spa|d
082 0 4 |a 639.2  |b SAN  |2 21 
100 0 |a Santos Rodríguez, Luis  |e author  |9 338588 
700 0 |a Núñez Basañez, José Fernando  |e author  |9 338589 
245 1 0 |a Fundamentos de pesca 
300 |a 405  
942 |c BK 
945 |d 19950622 00:00:00  |a awong 
260 |a Madrid  |b Fondo Editorial de Ingeniería Naval  |c 1994 
650 0 |a Pesca  |9 258707 
650 7 |a OPERACIONES PESQUERAS  |2 CL-VaPUC  |9 338590 
650 7 |a EMBARCACIONES PESQUERAS  |2 CL-VaPUC  |9 338591 
650 0 |a Arte de pesca   |9 338592 
650 7 |a METODOS DE CAPTURA  |2 CL-VaPUC  |9 338593 
650 0 |a Acuicultura  |9 258883 
650 0 |a Industria pesquera  |9 255432 
650 7 |a EQUIPOS PARA CUBIERTA  |2 CL-VaPUC  |9 338594 
583 |a last modification  |c 19950622 00:00:00  |k Rodrigo Vera 
999 |c 235103  |d 235101 
952 |0 0  |1 0  |4 0  |6 639_200000000000000_SAN_1994  |7 0  |8 CCM  |9 242288  |a BIBCUR  |b BIBCUR  |d 2019-11-18  |i 309359K  |o 639.2 SAN 1994  |p 309359K  |r 2025-04-22  |w 2019-11-18  |y BK_R  |k CIM